Top 10 des communes de France par lettre - R - Statistiques

Statistiques générales
  • Ce quiz a été pris 149 fois
  • Le résultat moyen est 5 sur 10
Statistiques - réponses
Région Population Commune % Correct
Bretagne 227.830 Rennes
98%
Normandie 116.331 Rouen
96%
Grand Est 178.478 Reims
91%
Hauts-de-France 99.507 Roubaix
77%
Auvergne-Rhône-Alpes 35.364 Roanne
42%
Île-de-France 80.842 Rueil-Malmaison
31%
Pays de la Loire 43.349 Rezé
26%
Île-de-France 45.947 Rosny-sous-Bois
22%
Île-de-France 35.314 Romainville
15%
Auvergne-Rhône-Alpes 33.139 Romans-sur-Isère
14%
Aucun quiz correspondant
Distribution des résultats
% des personnes avec chaque résultat
Percentile par nombre de réponses
Votre historique - résultats
Vous n’avez pas pris ce quiz